000 00871cab a2200253 4500
001 ABS61061
008 090401t1999 xxu||||| |||| 00| 0 eng d
035 _a(Sirsi) u98
041 _aeng
100 _aCurwell, S.
245 _aGreen building challenge in the UK.
260 _c1999
350 _a0
490 _aBuilding Research and Information
_v27(4-5) 1999, 286-293(8)
520 _aDiscusses the background to and feedback from the UK team on the Green Building Challenge process in the UK is provided along with a commentary on the future development of the environmental assessment of buildings. (Taken from journal abstract). References.
650 _aAGENDA 21
650 _aENVIRONMENTAL ASSESSMENT
650 _aGREEN BUILDING
690 _aBUILT ENVIRONMENT
700 _aYates, A.
700 _aHoward, N.
942 _n0
948 _c01/09/1999
999 _c33
_d33